[Event "Nichelino op"]
[Site "Nichelino"]
[Date "2008.10.04"]
[Round "5"]
[White "Sorgi, Paolo"]
[Black "Razzano, Lorenzo"]
[Result "0-1"]
[WhiteElo "1942"]
[BlackElo "1899"]
[PlyCount "88"]
[EventDate "2008.10.02"]
[EventType "swiss"]
[EventRounds "6"]
[EventCountry "ITA"]
[SourceTitle "CBM 126 Extra"]
[Source "ChessBase"]
[SourceDate "2008.11.05"]
[SourceVersion "1"]
[SourceVersionDate "2008.11.05"]
[SourceQuality "1"]

1. e4 Nc6 2. d4 e5 3. Nf3 exd4 4. Nxd4 g6 5. Bc4 Bg7 6. c3 Nf6 7. 0-0 0-0 8. Re1 d6 9. Bg5 h6 10. Bh4 Ne5 11. Bb3 g5 12. Bg3 Ng6 13. f3 Nh5 14. Bf2 Nhf4 15. Qd2 Kh8 16. Na3 Ne5 17. Nc4 Nxc4 18. Bxc4 f5 19. exf5 Bxf5 20. Nxf5 Rxf5 21. Bb3 Rf8 22. Bc2 Qd7 23. Re4 Rae8 24. Rae1 a6 25. Bb1 Rxe4 26. Rxe4 Re8 27. Qc2 Kg8 28. b3 Rxe4 29. fxe4 Qg4 30. Be3 Ne2+ 31. Kf1 Nxc3 32. b4 Nxb1 33. Qxb1 Qe6 34. Qc2 c6 35. Bf2 Be5 36. h3 Kg7 37. a4 Kf7 38. b5 axb5 39. axb5 c5 40. b6 Ke7 41. Qa4 Qd7 42. Qd1 Qb5+ 43. Kg1 Qxb6 44. Qh5 Qb1+ 0-1

[Event "Asti Alfieri Memorial 3rd"]
[Site "Asti"]
[Date "2008.03.30"]
[Round "6"]
[White "Raviola, Giuseppe"]
[Black "Sorgi, Paolo"]
[Result "1-0"]
[WhiteElo "2113"]
[BlackElo "1921"]
[PlyCount "105"]
[EventDate "2008.03.27"]
[EventType "swiss"]
[EventRounds "6"]
[EventCountry "ITA"]
[SourceTitle "EXT 2011"]
[Source "ChessBase"]
[SourceDate "2010.11.26"]
[SourceVersion "1"]
[SourceVersionDate "2010.11.26"]
[SourceQuality "1"]

1. e4 c5 2. Nf3 Nc6 3. d4 cxd4 4. Nxd4 Nf6 5. Nc3 e5 6. Ndb5 d6 7. Bg5 a6 8. Na3 b5 9. Nd5 Be7 10. Bxf6 Bxf6 11. c4 b4 12. Nc2 a5 13. Nxf6+ Qxf6 14. Qd5 Bb7 15. 0-0-0 Rd8 16. Qb5 Ba8 17. Rd2 0-0 18. Bd3 Rb8 19. Qa4 Qd8 20. Rhd1 Qc7 21. Be2 Rfd8 22. Qb3 Ne7 23. Qe3 a4 24. c5 d5 25. exd5 Nxd5 26. Qg5 b3 27. axb3 axb3 28. Na3 Qxc5+ 29. Bc4 Qc7 30. Kb1 h6 31. Qg3 Nf4 32. Rxd8+ Rxd8 33. Rxd8+ Qxd8 34. Qxb3 Be4+ 35. Ka2 Bd5 36. Bxd5 Qxd5 37. Qxd5 Nxd5 38. Nc4 f6 39. Ne3 Nxe3 40. fxe3 f5 41. Kb3 Kf7 42. Kc4 f4 43. b4 g5 44. exf4 exf4 45. Kd5 Ke7 46. b5 Kd7 47. h3 Kc7 48. Ke4 Kb6 49. Kf5 Kxb5 50. Kg6 Kc5 51. Kxh6 g4 52. hxg4 Kd5 53. g5 1-0

[Event "Asti Alfieri Memorial 3rd"]
[Site "Asti"]
[Date "2008.03.30"]
[Round "5"]
[White "Venturino, Marco"]
[Black "Sorgi, Paolo"]
[Result "1/2-1/2"]
[WhiteElo "2173"]
[BlackElo "1921"]
[PlyCount "80"]
[EventDate "2008.03.27"]
[EventType "swiss"]
[EventRounds "6"]
[EventCountry "ITA"]
[SourceTitle "EXT 2011"]
[Source "ChessBase"]
[SourceDate "2010.11.26"]
[SourceVersion "1"]
[SourceVersionDate "2010.11.26"]
[SourceQuality "1"]

1. d4 d5 2. c4 c6 3. Nf3 Nf6 4. Qc2 e6 5. Nbd2 Nbd7 6. g3 Be7 7. Bg2 0-0 8. 0-0 b6 9. b3 Bb7 10. Bb2 Rc8 11. e4 dxe4 12. Nxe4 Nxe4 13. Qxe4 Nf6 14. Qc2 c5 15. Rad1 Qc7 16. d5 exd5 17. Be5 Qd7 18. Ng5 h6 19. Bh3 Qd8 20. Bxc8 Bxc8 21. Bxf6 hxg5 22. Bxe7 Qxe7 23. cxd5 Bg4 24. f3 Bh3 25. Rfe1 Qf6 26. d6 Rd8 27. d7 Be6 28. Qe4 Rxd7 29. Rxd7 Bxd7 30. Qe7 Qd4+ 31. Qe3 Qf6 32. Rd1 Bc6 33. Qd3 Qe6 34. Qd8+ Kh7 35. Qxg5 g6 36. Kf2 Kg7 37. Rd8 Bb5 38. Qd2 Qh3 39. Ke3 Qe6+ 40. Kf2 Qh3 1/2-1/2